Nový roľník

Bibliographic Details
New Title:Priekopník
Format: Journal
Language:Slovak
Hungarian
PhysicalDescription:10 zv. 31-43 cm
Published: Modrý Kameň Okresný výbor JSSR 1951-1960
Modrý Kameň ONV
Subjects:

MARC

LEADER 00000cas a2200000 a 4500
001 vtls010301805
003 SK-MaSNL
005 20260228161627.0
008 110810d19511960xo wr|p 0 b0slo
040 |a SNK  |b slo  |c SNK  |e AACR2 
041 0 |a slo  |a hun 
043 |a e-xo--- 
044 |a xo  |c SK 
072 7 |a 63  |x Poľnohospodárstvo a príbuzné oblasti vedy a techniky  |2 konspekt 
080 |a 63  |2 2001 
080 |a 050  |2 2001 
080 |a (437.6)  |2 2001 
080 |a 63-051  |2 2001 
245 0 0 |a Nový roľník 
246 1 1 |a Új Földműves  |f 6/1952-1960 
260 |a Modrý Kameň  |b Okresný výbor JSSR  |c 1951-1960 
260 3 |3 1952-1960  |a Modrý Kameň  |b ONV 
300 |a 10 zv.  |c 31-43 cm 
310 |a 1x týždenne  |b 10/1954-1960 
321 |a 26x ročne  |b 6/1952-9/1954 
321 |a 1x mesačne  |b 1951-5/1952 
362 0 |a Roč. I, č. 1 (1951)-roč. X, č. 8 (1960) 
500 |a Podnázov od č. 1/1954: okresné roľnícke noviny, od č. 10/1954 aj v maď.: járási földműves újság 
500 |a Podnázov v tiráži od č. 6/1952: roľnícke noviny modrokamenského okresu, od č. 10/1954: okresné roľnícke noviny modrokamenského okresu 
500 |a Redaktori sa menia 
500 |a Vyd. Okresný výbor JSSR v Modrom Kameni, od č. 1/1952 ONV IX. ref. v Modrom Kameni, od č. 6/1952 ONV, pôdohospodársky referát v Modrom Kameni, od č. 42/1957 Rada ONV v Modrom Kameni 
500 |a Tlač. Stredoslov. tlačiarne, n. p. v Lučenci, od č. 1/1953 Pohronské tlačiarne, n. p. v Lučenci, č. 29/1956 Pohronské tlačiarne, n. p. vo Zvolene, od č. 20/1958 Tlačiarne SNP, n. p., prev. v Lučenci, č. 24/1958 Tlačiarne SNP, n. p., prev. vo Zvolene 
500 |a Noviny zanikli následkom územnej reorganizácie, po vytvorení nového okresu pokračovali pod názvom Priekopník 
500 |a Od č. 10/1954 rozmer zv. 43 cm 
515 |a Slovo baníka - A Bányász Szava 
546 |a Čiast. text aj v maď. 
650 0 7 |a poľnohospodárstvo  |2 SNKPH  |9 679 
650 0 7 |a poľnohospodári  |2 SNKPH  |9 17080 
651 7 |a Modrý Kameň (Slovensko)  |2 SNKPH  |9 28297 
655 7 |a regionálne periodiká  |2 SNKPH  |9 131775 
785 0 0 |t Priekopník  |w vtls010302040 
787 0 8 |i Dvojčíslo 40-41/1957 vyšlo spolu s čas.  |t Slovo baníka - A Bányász Szava  |w vtls010299885 
910 |a snk 
916 |a 1951-1960 
958 |a OND 
999 |c 5828  |d 7758 
952 |0 0  |1 0  |4 0  |7 0  |a SNK  |b SNK  |d 2015-05-04  |f 1  |i snk482/54  |l 0  |o snkČSB 656/3/1953  |p 17A0722074  |r 2026-02-21 21:34:03  |t č. 1-20  |w 2026-02-21  |y PREZ 
952 |0 0  |1 0  |4 0  |7 0  |8 5  |a SNK  |b SNK  |d 2015-05-04  |f 1  |i snkF 3127/68  |l 0  |o snkČSB 656/1/1951  |p 17A0722073  |r 2026-02-21 21:34:03  |t č. 1-4  |w 2026-02-21  |y PREZ 
952 |0 0  |1 0  |4 0  |7 0  |a SNK  |b SNK  |d 2015-05-04  |f 1  |i snk299/53  |l 0  |o snkČSB 656/2/1952  |p 17A0722071  |r 2026-02-21 21:34:03  |t č. 1-6  |w 2026-02-21  |y PREZ 
952 |0 0  |1 0  |4 0  |7 0  |a SNK  |b SNK  |d 2015-05-04  |f 1  |i snkII. 2318/55  |l 0  |o snkČSB 656/4/1954  |p 17A0722075  |r 2026-02-21 21:34:03  |t č. 1-36, neúplné   |w 2026-02-21  |y PREZ  |z chýba č. 24 
952 |0 0  |1 0  |4 0  |7 0  |a SNK  |b SNK  |d 2015-05-04  |f 1  |i snkČSP 209/56  |l 0  |o snkČSB 656/5/1955  |p 17A0722072  |r 2026-02-21 21:34:03  |t č. 1-32  |w 2026-02-21  |y PREZ 
952 |0 0  |1 0  |4 0  |7 0  |a SNK  |b SNK  |d 2015-05-04  |f 1  |i snkČSP 1015/58  |l 0  |o snkČSB 656/6/1956  |p 17A0722076  |r 2026-02-21 21:34:04  |t č. 1-39, neúplné  |w 2026-02-21  |y PREZ  |z chýba č. 18 
952 |0 0  |1 0  |4 0  |7 0  |a SNK  |b SNK  |d 2015-05-04  |f 1  |i snkČSP 395/58  |l 0  |o snkČSB 656/7/1957  |p 17A0722077  |r 2026-02-21 21:34:04  |t č. 1-47  |w 2026-02-21  |y PREZ  |z dvojčíslo 40-41 vyšlo spolu s časopisom Slovo baníka - A Bányász Szava 
952 |0 0  |1 0  |4 0  |7 0  |a SNK  |b SNK  |d 2015-05-04  |f 1  |i snkČSP 387/60  |l 0  |o snkČSB 656/8/1958  |p 17A0722078  |r 2026-02-21 21:34:08  |t č. 1-40, neúplné  |w 2026-02-21  |y PREZ  |z chýba č. 32 
952 |0 0  |1 0  |4 0  |7 0  |a SNK  |b SNK  |d 2015-05-04  |f 1  |i snkČSP 958/60  |l 0  |o snkČSB 656/9/1959  |p 17A0722079  |r 2026-02-21 21:34:08  |t č. 1-42  |w 2026-02-21  |y PREZ 
952 |0 0  |1 0  |4 0  |7 0  |a SNK  |b SNK  |d 2015-05-04  |f 1  |i snkČSP 1665/61  |l 0  |o snkČSB 656/10/1960  |p 17A0722058  |r 2026-02-21 21:34:08  |t č. 1-8  |w 2026-02-21  |y PREZ 
952 |0 0  |1 0  |4 0  |7 0  |a SNK  |b SNK  |d 2015-05-04  |i snkII. 2317/55  |l 0  |o snkČSB 656/4/1954 D1  |p 17A1143747  |r 2026-02-21 21:34:08  |t č. 1-36, neúplné  |w 2026-02-21  |y PREZ  |z chýba č. 1, 24 
952 |0 0  |1 0  |4 0  |7 0  |a SNK  |b SNK  |d 2015-05-04  |i snkČSP 388/60  |l 0  |o snkČSB 656/8/1958 D1  |p 17A1143748  |r 2026-02-21 21:34:08  |t č. 1-40, neúplné  |w 2026-02-21  |y PREZ  |z chýba č. 32, 33